[Event "World Blitz 2015"]
[Site "Berlin GER"]
[Date "2015.10.14"]
[Round "12.15"]
[White "Duda,J"]
[Black "Mamedyarov,S"]
[Result "1/2-1/2"]
[WhiteElo "2658"]
[BlackElo "2736"]

1.e4 e5 2.Nf3 Nc6 3.Nc3 Nf6 4.Bb5 Nd4 5.Bc4 Nxf3+ 6.Qxf3 d6 7.d3 Be7 8.O-O c6
9.h3 b5 10.Bb3 O-O 11.Qe2 a5 12.a3 Nd7 13.Be3 Bg5 14.Ba2 Bxe3 15.Qxe3 Qb6
16.Qxb6 Nxb6 17.f4 exf4 18.Rxf4 b4 19.Ne2 c5 20.Ng3 Be6 21.Nf5 Bxa2 22.Rxa2 Rfd8
23.axb4 cxb4 24.b3 Ra7 25.Nd4 Raa8 26.Nc6 Rd7 27.Rxa5 Rxa5 28.Nxa5 Rc7 29.e5 dxe5
30.Rxb4 Nd7 31.Rb7 Rxb7 32.Nxb7 Kf8 33.Kf2 Ke7 34.Ke3 f5 35.b4 Ke6 36.c4 f4+
37.Ke2 g5 38.b5 h5 39.Nd8+ Ke7 40.Nc6+ Kd6 41.d4 exd4 42.Nxd4 g4 43.hxg4 hxg4
44.Nb3 f3+ 45.gxf3 gxf3+ 46.Ke3 Ne5 47.c5+ Kd5 48.b6 Kc6 49.Nd4+ Kxc5 50.Nxf3 Nd7
51.b7 Kc6 52.Ne5+ Kxb7 53.Nxd7  1/2-1/2

[Event "World Blitz 2015"]
[Site "Berlin GER"]
[Date "2015.10.14"]
[Round "13.15"]
[White "Mamedyarov,S"]
[Black "Ponkratov,P"]
[Result "1-0"]
[WhiteElo "2736"]
[BlackElo "2604"]

1.d4 Nf6 2.Nf3 e6 3.g3 b6 4.Bg2 Bb7 5.O-O Be7 6.c4 O-O 7.Re1 Na6 8.Ne5 Bxg2
9.Kxg2 c5 10.d5 Qb8 11.Nf3 exd5 12.cxd5 d6 13.e4 Nc7 14.Bf4 Qb7 15.Nc3 Rfe8
16.a4 a6 17.Nh4 g6 18.Nf3 b5 19.axb5 axb5 20.Rxa8 Qxa8 21.Qd3 b4 22.Nb1 Bf8
23.Nbd2 Nd7 24.Nc4 Qa6 25.b3 Nb6 26.h4 Nxc4 27.bxc4 Qa3 28.Qd2 Na8 29.e5 dxe5
30.Bxe5 Qb3 31.Qf4 f5 32.h5 Nb6 33.hxg6 Qxc4 34.gxh7+ Kxh7 35.Qxf5+  1-0

[Event "World Blitz 2015"]
[Site "Berlin GER"]
[Date "2015.10.14"]
[Round "14.9"]
[White "Jones,G"]
[Black "Mamedyarov,S"]
[Result "1-0"]
[WhiteElo "2623"]
[BlackElo "2736"]

1.e4 e5 2.Nf3 Nc6 3.d4 exd4 4.Bc4 Nf6 5.e5 d5 6.Bb5 Ne4 7.Nxd4 Bd7 8.Bxc6 bxc6
9.O-O Bc5 10.f3 Ng5 11.Be3 Ne6 12.f4 Qb8 13.f5 Nxd4 14.Bxd4 Bxd4+ 15.Qxd4 Qb6
16.c3 Qxd4+ 17.cxd4 Rb8 18.Nd2 Rxb2 19.Nb3 Ke7 20.g4 Rb8 21.Rf2 Rxf2 22.Kxf2 g6
23.f6+ Ke8 24.Kf3 Rb4 25.Rd1 Rc4 26.Rd2 Rc3+ 27.Kf4 h6 28.h4 g5+ 29.hxg5 hxg5+
30.Kxg5 Rg3 31.Nc5 Rxg4+ 32.Kh5 Bc8 33.Rb2 Rxd4 34.Rb8 Kd8 35.e6 fxe6 36.Nxe6+  1-0

[Event "World Blitz 2015"]
[Site "Berlin GER"]
[Date "2015.10.14"]
[Round "15.14"]
[White "Mamedyarov,S"]
[Black "Fridman,D"]
[Result "1-0"]
[WhiteElo "2736"]
[BlackElo "2649"]

1.d4 d5 2.Nf3 Nf6 3.g3 e6 4.Bg2 Be7 5.O-O O-O 6.a3 b6 7.c4 Bb7 8.Ne5 c5 9.Nc3 Nbd7
10.cxd5 Nxe5 11.d6 Bxd6 12.Bxb7 cxd4 13.Bxa8 dxc3 14.Bg2 cxb2 15.Bxb2 Nc4
16.Bc3 Qe7 17.Qb3 Rc8 18.Rac1 Qc7 19.Rfd1 Bxa3 20.Bb2 Bf8 21.Rd4 b5 22.Qxb5 Rb8
23.Qxc4 Qxc4 24.Rdxc4 Rxb2 25.e3 Ra2 26.Rc7 g6 27.Bf3 Kg7 28.Rb7 Bd6 29.Rc6 Be5
30.Rxe6  1-0

[Event "World Blitz 2015"]
[Site "Berlin GER"]
[Date "2015.10.14"]
[Round "16.12"]
[White "Rublevsky,S"]
[Black "Mamedyarov,S"]
[Result "0-1"]
[WhiteElo "2702"]
[BlackElo "2736"]

1.e4 d6 2.d4 Nf6 3.Nc3 g6 4.Bg5 Bg7 5.Qd2 O-O 6.O-O-O c6 7.Bh6 Qa5 8.Bxg7 Kxg7
9.Kb1 Nbd7 10.h4 h5 11.f3 b5 12.Bd3 b4 13.Nce2 c5 14.g4 Qc7 15.dxc5 dxc5
16.b3 a5 17.Nf4 Rh8 18.g5 Nh7 19.Nd5 Qd6 20.Qc1 e6 21.Qb2+ Qe5 22.Ne3 a4
23.Nc4 Qxb2+ 24.Kxb2 Ba6 25.f4 Ra7 26.Nf3 Rha8 27.bxa4 Bxc4 28.Bxc4 Nb6 29.Bb5 Nxa4+
30.Bxa4 Rxa4 31.Ra1 Nf8 32.Ne5 Ra3 33.Nd3 c4 34.Nxb4 c3+ 35.Kc1 Nd7 36.Rh3 Nc5
37.Re3 R8a4 38.Nd3 Nxe4 39.Kd1 Nd6 40.Nc5 Rxf4 41.Ke2 Rxh4 42.Rd3 Rh2+ 43.Kf3 Rh3+
44.Ke2 Rxd3 45.Kxd3 Ra5 46.Nb3 Rxg5 47.a4 Nc8 48.a5 h4 49.a6 Na7 50.Nd4 h3
51.Nf3 Rd5+ 52.Ke3 g5 53.Rg1 f6 54.Rg3 Ra5 55.Rxh3 Rxa6 56.Nd4 e5 57.Nf5+ Kg6
58.Ne7+ Kf7 59.Nd5 Nb5 60.Rh7+ Kg6 61.Rb7 Nd4 62.Kd3 g4 63.Nxc3 Ra3 64.Kc4 g3
65.Rb1 g2 66.Ne4 Nf3  0-1

[Event "World Blitz 2015"]
[Site "Berlin GER"]
[Date "2015.10.14"]
[Round "17.8"]
[White "Mamedyarov,S"]
[Black "Tomashevsky,E"]
[Result "0-1"]
[WhiteElo "2736"]
[BlackElo "2758"]

1.d4 Nf6 2.c4 e6 3.Nc3 Bb4 4.Nf3 b6 5.e3 O-O 6.Bd3 d5 7.cxd5 exd5 8.O-O c5
9.dxc5 bxc5 10.Bd2 Nc6 11.a3 Ba5 12.Rc1 Bg4 13.h3 Bh5 14.Ne2 Bxf3 15.gxf3 Ne5
16.Bxa5 Nxf3+ 17.Kg2 Nh4+ 18.Kg3 Nh5+ 19.Kh2 Qxa5 20.Ng3 Nxg3 21.fxg3 Ng6
22.Bxg6 hxg6 23.Qxd5 Rad8 24.Qxc5 Rd2+ 25.Kg1 Qa6 26.Rf2 Rxf2 27.Kxf2 Qf6+
28.Kg2 Qxb2+ 29.Rc2 Qb7+ 30.Qc6 Qb3 31.Qc3 Qd5+ 32.Kh2 Rb8 33.Qc4 Qf5 34.Kg2 Re8
35.Rf2 Qe4+ 36.Qxe4 Rxe4 37.Rd2 Rxe3 38.Rd8+ Kh7 39.Rd7 Rxa3 40.Rxf7 a5 41.Ra7 g5
42.Ra6 a4 43.g4 Ra1 44.Kg3 a3 45.h4 a2 46.Kh2 gxh4 47.g5 Kg8 48.g6 Kf8 49.Ra7 h3
50.Rf7+ Ke8 51.Rf2 Rh1+  0-1

[Event "World Blitz 2015"]
[Site "Berlin GER"]
[Date "2015.10.14"]
[Round "18.13"]
[White "Guseinov,G"]
[Black "Mamedyarov,S"]
[Result "1/2-1/2"]
[WhiteElo "2634"]
[BlackElo "2736"]

1.e4 d6 2.d4 Nf6 3.Nc3 g6 4.Nf3 Bg7 5.Be2 O-O 6.O-O Nc6 7.Be3 Ng4 8.Bg5 h6
9.Bh4 a6 10.Re1 g5 11.Bg3 e5 12.dxe5 Ngxe5 13.Nxe5 Nxe5 14.Nd5 f5 15.exf5 Bxf5
16.c3 Kh8 17.f4 gxf4 18.Nxf4 Qg5 19.Nh5 Rae8 20.Bf4 Qg6 21.Qd2 Bg4 22.Nxg7 Bxe2
23.Bxe5 Rxe5 24.Rxe2 Rxe2 25.Qxe2 Kxg7  1/2-1/2

[Event "World Blitz 2015"]
[Site "Berlin GER"]
[Date "2015.10.14"]
[Round "19.15"]
[White "Mamedyarov,S"]
[Black "Harikrishna,P"]
[Result "1-0"]
[WhiteElo "2736"]
[BlackElo "2737"]

1.d4 Nf6 2.c4 e6 3.Nc3 Bb4 4.Nf3 b6 5.e3 O-O 6.Bd3 d5 7.cxd5 exd5 8.O-O Ba6
9.Bxa6 Nxa6 10.Qd3 Qc8 11.Bd2 Re8 12.Rac1 Bf8 13.a3 c5 14.dxc5 Nxc5 15.Qb1 Qa6
16.Nd4 Nfe4 17.Rc2 Rad8 18.Rd1 Nd3 19.f3 Nxd2 20.Rcxd2 Ne5 21.Nc2 Nc4 22.Rxd5 Rc8
23.e4 Nxa3 24.Nxa3 Bxa3 25.Rd7 Bb4 26.Nd5 Bc5+ 27.Kh1 Qa4 28.b3 Qa3 29.Nc7 Rf8
30.Nb5 Qa6 31.Nxa7 Ra8 32.Nc6 Qb5 33.Ne5 Ra3 34.R7d3 h5 35.h3 Be7 36.Nc4 Ra7
37.Rd5 Qb4 38.Rxh5 Rfa8 39.Rhd5 b5 40.Ne5 Qc3 41.Qd3 Qb2 42.Nc6 Rc7 43.Nxe7+ Rxe7
44.Rd8+ Re8 45.Rxe8+ Rxe8 46.Qxb5 Rc8 47.Qf5 Rb8 48.Rd7 Qxb3 49.Qd5 Qb1+
50.Kh2 Rf8 51.Rd8 Rxd8 52.Qxd8+ Kh7 53.Qh4+ Kg8 54.Qd8+ Kh7 55.Qd5 Kg8 56.e5 Qb8
57.Qe4 Qc7 58.f4 g6 59.e6 fxe6 60.Qxg6+ Kf8 61.Qf6+ Kg8 62.Qxe6+ Kh7 63.Qf5+ Kg8
64.Qg5+ Kh7 65.Qh5+ Kg8 66.Qe8+ Kh7 67.Qe5 Qc2 68.Qe7+ Kg6 69.Qe6+ Kg7 70.Qe5+ Kg6
71.f5+ Kf7 72.Qe6+ Kf8 73.Qe3 Kf7 74.Qf4 Kf6 75.Qh4+ Kf7 76.Qh5+ Kf8 77.Qh6+ Kf7
78.Qg6+ Kf8 79.Kg3 Qc3+ 80.Kh4 Qh8+ 81.Kg5 Qd4 82.Qf6+  1-0

[Event "World Blitz 2015"]
[Site "Berlin GER"]
[Date "2015.10.14"]
[Round "20.10"]
[White "Anand,V"]
[Black "Mamedyarov,S"]
[Result "1/2-1/2"]
[WhiteElo "2803"]
[BlackElo "2736"]

1.e4 e5 2.Nf3 Nc6 3.Bb5 a6 4.Ba4 Nf6 5.O-O Nxe4 6.d4 b5 7.Bb3 d5 8.dxe5 Be6
9.Nbd2 Nc5 10.c3 Be7 11.Bc2 d4 12.Nb3 d3 13.Nxc5 dxc2 14.Qxd8+ Rxd8 15.Nxe6 fxe6
16.Be3 Rd5 17.Rac1 Nxe5 18.Nxe5 Rxe5 19.c4 Bc5 20.Bxc5 Rxc5 21.Rxc2 Ke7 22.Rfc1 Rd8
23.Kf1 bxc4 24.Rxc4 Rd1+ 25.Rxd1 Rxc4 26.Rd2 e5 27.Ke2 Ke6 28.Ke3 a5 29.b3  1/2-1/2

[Event "World Blitz 2015"]
[Site "Berlin GER"]
[Date "2015.10.14"]
[Round "21.11"]
[White "Gajewski,G"]
[Black "Mamedyarov,S"]
[Result "0-1"]
[WhiteElo "2654"]
[BlackElo "2736"]

1.c4 b6 2.Nc3 Bb7 3.d4 Nf6 4.Nf3 d5 5.cxd5 Nxd5 6.e3 g6 7.Bb5+ c6 8.Bd3 Bg7
9.O-O O-O 10.Na4 Nd7 11.e4 Nc7 12.Bf4 Ne6 13.Be3 c5 14.dxc5 Ndxc5 15.Nxc5 bxc5
16.Qe2 Qb6 17.Rad1 Nd4 18.Nxd4 cxd4 19.Bg5 e5 20.Rc1 a5 21.Be7 Rfc8 22.Qd2 Rc7
23.Ba3 Rac8 24.b3 h5 25.Rxc7 Rxc7 26.Rc1 Bf8 27.Bxf8 Kxf8 28.Rc2 Rxc2 29.Qxc2 Ke7
30.Qc4 Qc6 31.Qxc6 Bxc6 32.h4 Kd6 33.f3 Bd7 34.Bc4 Be8 35.Kf2 f6 36.g3 Kc5
37.Ke2 Kb4 38.Kd2 a4 39.Kc2 axb3+ 40.axb3 f5 41.Kd3 fxe4+ 42.fxe4 Bb5 43.Bxb5 Kxb5  0-1

[Event "78th Tata Steel GpA"]
[Site "Wijk aan Zee NED"]
[Date "2016.01.19"]
[Round "4.1"]
[White "Carlsen,M"]
[Black "Mamedyarov,S"]
[Result "1/2-1/2"]
[WhiteElo "2844"]
[BlackElo "2747"]

1.d4 Nf6 2.c4 g6 3.g3 c6 4.Bg2 d5 5.Qa4 a6 6.cxd5 b5 7.Qd1 cxd5 8.Nf3 Bg7
9.Bf4 O-O 10.O-O Nc6 11.Ne5 Bb7 12.Nxc6 Bxc6 13.Be5 e6 14.Nd2 Bh6 15.Rc1 Rc8
16.Bxf6 Qxf6 17.e3 b4 18.Re1 Qd8 19.Bf1 Qb6 20.Nf3 Rc7 21.Qd3 Ra8 22.Rc2 Bf8
23.Rec1 Bd6 24.Ne5 Bb5 25.Qd1 Bxe5 26.dxe5 Rac8 27.Rxc7 Rxc7 28.Rxc7 Qxc7
29.Bxb5 axb5 30.Qd4 Qa5 31.Kg2 Kg7 32.b3 Qxa2 33.Qxb4 Qc2 34.Qxb5 Qe4+ 35.Kg1 Qb1+
36.Kg2 Qe4+  1/2-1/2

[Event "78th Tata Steel GpA"]
[Site "Wijk aan Zee NED"]
[Date "2016.01.21"]
[Round "5.1"]
[White "Mamedyarov,S"]
[Black "Adams,Mi"]
[Result "1-0"]
[WhiteElo "2747"]
[BlackElo "2744"]

1.d4 Nf6 2.c4 e6 3.Nc3 Bb4 4.Nf3 b6 5.Bd2 O-O 6.Rc1 c5 7.dxc5 Bxc5 8.g3 Bb7
9.Bg2 Ne4 10.O-O Nxd2 11.Qxd2 Qe7 12.a3 a5 13.Rfd1 Rd8 14.Na4 d6 15.Nd4 Bxg2
16.Kxg2 Qb7+ 17.f3 d5 18.Nb3 Bf8 19.Qd4 b5 20.Nac5 Qa7 21.cxb5 a4 22.Na1 Qb6
23.Nxa4 Qxb5 24.Nc5 Nc6 25.Qf2 Ne5 26.Nd3 Nxd3 27.exd3 g6 28.Rc3 Rdb8 29.Rd2 Qa4
30.Rcc2 Bh6 31.f4 e5 32.Qf3 exf4 33.Rf2 Qd4 34.Rce2 Ra6 35.Nc2 Qc5 36.Nb4 Rd6
37.gxf4 Bg7 38.f5 Rbd8 39.Rc2 Qb5 40.fxg6 Rxg6+ 41.Kh1 Qd7 42.Rg2 Re8 43.Rce2 Bd4
44.Qxd5 Rd8 45.Qxd7 Rxd7 46.Nc6 Bf6 47.d4 Rd6 48.Rc2 Kf8 49.Rxg6 hxg6 50.Rc4  1-0

[Event "78th Tata Steel GpA"]
[Site "Wijk aan Zee NED"]
[Date "2016.01.22"]
[Round "6.2"]
[White "Giri,A"]
[Black "Mamedyarov,S"]
[Result "1-0"]
[WhiteElo "2798"]
[BlackElo "2747"]

1.Nf3 Nf6 2.c4 e6 3.g3 d5 4.d4 Bb4+ 5.Bd2 Bd6 6.Bg2 O-O 7.O-O Nbd7 8.b3 dxc4
9.bxc4 c5 10.e3 Qc7 11.Qc2 cxd4 12.Nxd4 a6 13.Rc1 Rd8 14.Nb3 Rb8 15.c5 Be5
16.Nd4 b6 17.c6 Nf8 18.Nc3 Ng6 19.Rab1 Qe7 20.c7 Qxc7 21.Nc6 Bb7 22.Nxd8 Bxg2
23.Kxg2 Rxd8 24.Na4 Qb7+ 25.f3 b5 26.Nc5 Qa8 27.Nd3 h5 28.Ba5 Nd5 29.Qe2 Re8
30.e4 Nde7 31.Bc3 Bb8 32.Qb2 f5 33.Qb3 fxe4 34.Qxe6+ Kh7 35.Qxe4 Qd5 36.Rb2 Qf7
37.Re2 h4 38.Qe6 Qxe6 39.Rxe6 Rd8 40.Nf2 Nf5 41.Ne4 Rd5 42.Rxa6 hxg3 43.hxg3 Bxg3
44.Rh1+ Bh4 45.Bd2 Rd4 46.Bg5 Rb4 47.Rxg6 Rb2+ 48.Kh3 Kxg6 49.Bxh4 Rxa2 50.Rg1+ Kf7
51.Bf2 Rb2 52.Kg4 g6 53.Bc5 b4 54.Nd6+ Nxd6 55.Bxd6 Ke6 56.Bf8 Kf7 57.Bd6 Ke6
58.Bb8 b3 59.Kf4 Kf7 60.Ke3 Rc2 61.Be5 Rc5 62.f4 Rb5 63.Bb2 Rh5 64.Rg2 Rh1
65.Kf3 Rf1+ 66.Kg4  1-0

[Event "78th Tata Steel GpA"]
[Site "Wijk aan Zee NED"]
[Date "2016.01.23"]
[Round "7.5"]
[White "Mamedyarov,S"]
[Black "Hou Yifan"]
[Result "1-0"]
[WhiteElo "2747"]
[BlackElo "2673"]

1.d4 e6 2.c4 Nf6 3.Nc3 Bb4 4.Nf3 d5 5.Qa4+ Nc6 6.e3 O-O 7.Qc2 Bd6 8.h3 dxc4
9.Bxc4 e5 10.O-O a6 11.a3 Bd7 12.Rd1 h6 13.b4 Qe7 14.d5 Na7 15.e4 Nc8 16.Be3 a5
17.b5 Re8 18.a4 Bb4 19.Bd3 Nb6 20.Nd2 Bc5 21.Bxc5 Qxc5 22.Nb3 Qd6 23.Be2 Rec8
24.Rab1 Qe7 25.Qc1 Ne8 26.Qe3 Nd6 27.Rbc1 Qg5 28.Qxg5 hxg5 29.Nc5 Kf8 30.Nb1 Ke7
31.Nd2 g6 32.Rc3 Be8 33.Rb1 Rab8 34.Ndb3 c6 35.bxc6 bxc6 36.dxc6 Bxc6 37.Nxa5 Nxa4
38.Rxb8 Nxc3 39.Bg4 f5 40.exf5 gxf5 41.Rxc8 Nxc8 42.Nxc6+ Kd6 43.Bxf5 Kxc6
44.Ne6 Nd6 45.Bg4 Nde4 46.f3 Ne2+ 47.Kf1 N2g3+ 48.Ke1 Nc5 49.Nxg5 Nd3+ 50.Kd2 Nf4
51.Ke3 Nh1 52.Ke4 Kd6 53.Nf7+ Ke7 54.Nxe5 Nxg2 55.Kf5  1-0

[Event "78th Tata Steel GpA"]
[Site "Wijk aan Zee NED"]
[Date "2016.01.24"]
[Round "8.6"]
[White "So,W"]
[Black "Mamedyarov,S"]
[Result "1/2-1/2"]
[WhiteElo "2773"]
[BlackElo "2747"]

1.e4 e5 2.Nf3 Nc6 3.Bc4 Bc5 4.O-O Nf6 5.d3 O-O 6.Re1 d6 7.c3 a6 8.a4 Ba7
9.Na3 h6 10.Nc2 Re8 11.Be3 Be6 12.Bxe6 Rxe6 13.Bxa7 Rxa7 14.d4 exd4 15.Nfxd4 Nxd4
16.Qxd4 Ra8 17.f3 a5 18.Ne3 Qd7 19.Red1 b6 20.Qc4 Rae8 21.Qb5 Qc8 22.b4 Qa8
23.Qd3 c6 24.bxa5 bxa5 25.c4 g6 26.Qc3 Nd7 27.Nc2 Nc5 28.Nd4 R6e7 29.Rd2 h5
30.Qe3 Qa6 31.Nf5 gxf5 32.Qg5+ Kf8 33.Qh6+ Kg8 34.Qg5+ Kf8 35.exf5 Qxc4 36.Qh6+ Kg8
37.Qg5+ Kf8 38.Qh6+  1/2-1/2

[Event "78th Tata Steel GpA"]
[Site "Wijk aan Zee NED"]
[Date "2016.01.27"]
[Round "10.7"]
[White "Navara,D"]
[Black "Mamedyarov,S"]
[Result "1/2-1/2"]
[WhiteElo "2730"]
[BlackElo "2747"]

1.e4 e5 2.Nf3 Nc6 3.Bb5 g6 4.c3 a6 5.Ba4 d6 6.d4 Bd7 7.O-O Bg7 8.Re1 h6 9.Nbd2 exd4
10.e5 Nge7 11.cxd4 O-O 12.Ne4 Bg4 13.Nf6+ Bxf6 14.exf6 Nf5 15.Bxc6 bxc6 16.Re4 Bxf3
17.Qxf3 Qxf6 18.Bxh6 Rfe8 19.Rxe8+ Rxe8 20.g4 Qh4 21.gxf5 Qxh6 22.Qxc6 Re2
23.fxg6 Qxg6+ 24.Qg2 Rxb2 25.Rc1 Rxa2 26.Qxg6+ fxg6 27.Rxc7 Ra4 28.d5 Ra1+
29.Kg2 Ra5 30.Rc6 Rxd5 31.Rxa6 Kg7  1/2-1/2

[Event "78th Tata Steel GpA"]
[Site "Wijk aan Zee NED"]
[Date "2016.01.29"]
[Round "11.5"]
[White "Mamedyarov,S"]
[Black "Caruana,F"]
[Result "1/2-1/2"]
[WhiteElo "2747"]
[BlackElo "2787"]

1.e4 c5 2.c3 Nf6 3.e5 Nd5 4.Nf3 e6 5.d4 cxd4 6.cxd4 d6 7.Bd3 dxe5 8.dxe5 Nb4
9.Be4 Qxd1+ 10.Kxd1 Nd7 11.Bd2 a5 12.a3 Nc5 13.axb4 Nxe4 14.Be1 b6 15.Nc3 Nxc3+
16.Bxc3 a4 17.Nd2 Bb7 18.f3 Bd5 19.Kc1 b5 20.b3 a3 21.Kb1 Be7 22.Ka2 O-O
23.Rac1 Rfc8 24.Nb1 Bg5 25.Bd2 Rxc1 26.Rxc1 Bxb3+ 27.Kxb3 a2 28.Na3 Bxd2
29.Ra1 Bf4 30.h3 Bxe5 31.Rxa2 Rb8 32.Rc2 Bd6 33.Rc6 Be7 34.Rc7 Bf8 35.Ra7 g6
36.Ra5 Rd8 37.Rxb5 Rd2 38.Rb8 Kg7 39.Nc4 Rxg2 40.b5 Rg1 41.Rxf8 Kxf8 42.b6 Rg5
43.Kb4 Rg1 44.Nd2 Rd1 45.b7 Rxd2 46.b8=Q+ Kg7 47.Qe5+ Kg8 48.Qb8+ Kg7 49.Qe5+ Kg8
50.Qb8+  1/2-1/2

[Event "78th Tata Steel GpA"]
[Site "Wijk aan Zee NED"]
[Date "2016.01.31"]
[Round "13.6"]
[White "Mamedyarov,S"]
[Black "Karjakin,Sergey"]
[Result "1/2-1/2"]
[WhiteElo "2747"]
[BlackElo "2769"]

1.d4 d5 2.c4 dxc4 3.Nf3 Nf6 4.e3 e6 5.Bxc4 a6 6.O-O c5 7.Bb3 cxd4 8.exd4 Nc6
9.Nc3 Be7 10.Bg5 O-O 11.Qd2 Na5 12.Bc2 b5 13.Rad1 Bb7 14.d5 exd5 15.Rfe1 Rc8
16.Bf5 Rc7 17.Qf4 Nh5 18.Qh4 Bxg5 19.Nxg5 h6 20.Qxh5 Qxg5 21.Qxg5 hxg5 22.Nxd5 Bxd5
23.Rxd5 g6 24.Bd3 g4 25.a4 Nc6 26.Rc5 bxa4 27.Bxa6 Ra8 28.Be2 Rb8 29.Bxg4 Rxb2
30.Ra1 a3 31.h4  1/2-1/2

[Event "IMSA Blitz 2016"]
[Site "Huai'an CHN"]
[Date "2016.02.28"]
[Round "1.6"]
[White "Mamedyarov,S"]
[Black "Mamedov,Rau"]
[Result "1/2-1/2"]
[WhiteElo "2747"]
[BlackElo "2650"]

1.e4 c5 2.Nf3 d6 3.Bb5+ Bd7 4.Bxd7+ Qxd7 5.c4 Nf6 6.Nc3 g6 7.d4 cxd4 8.Nxd4 Bg7
9.f3 O-O 10.Be3 Rc8 11.Qe2 Nc6 12.Rd1 a6 13.O-O Nxd4 14.Bxd4 Qc6 15.b3 Nd7
16.Bxg7 Kxg7 17.Nd5 Re8 18.Kh1 e6 19.Qb2+ Kg8 20.Nf6+ Nxf6 21.Qxf6 b5 22.Rd4 Qc5
23.Rfd1 Qe5 24.Qxe5 dxe5 25.R4d2 bxc4 26.bxc4 Rac8 27.Rd6 Rxc4 28.Rxa6 Re7
29.h3 Rc2 30.Ra5 Kg7 31.Rxe5 Rxa2 32.Rc1 Rea7 33.Rg5 Ra1 34.Rxa1 Rxa1+ 35.Kh2 Ra7
36.Rc5 Rd7 37.Rc4 h5 38.Rc5 Rd8 39.Rc4 Rd7 40.Rc5 Rd8 41.Rc4 Rd7 42.Rc5  1/2-1/2

[Event "IMSA Blitz 2016"]
[Site "Huai'an CHN"]
[Date "2016.02.28"]
[Round "2.4"]
[White "Ponomariov,R"]
[Black "Mamedyarov,S"]
[Result "0-1"]
[WhiteElo "2712"]
[BlackElo "2747"]

1.e4 e5 2.Nf3 Nc6 3.Bb5 a6 4.Ba4 d6 5.c3 g6 6.d4 Bd7 7.O-O Bg7 8.Re1 h6 9.Be3 Nf6
10.h3 Nxe4 11.dxe5 dxe5 12.Nbd2 Nxd2 13.Qxd2 Be6 14.Bxc6+ bxc6 15.Qc2 O-O
16.Rad1 Qb8 17.Qc1 Kh7 18.Bc5 Rd8 19.b3 Rxd1 20.Qxd1 Qb5 21.Ba3 Qa5 22.Qc1 Rd8
23.c4 Bf5 24.g4 Bd3 25.Bb2 e4 26.Bxg7 Kxg7 27.Nd2 Qe5 28.Re3 h5 29.Qe1 hxg4
30.Nxe4 gxh3 31.Ng3 Qf6 32.Kh2 Bf5 33.Rf3 Qd6 34.Qc3+ f6 35.Re3 Qf4 36.Rf3 Qd6
37.c5 Qe5 38.Qxe5 fxe5 39.Nxf5+ gxf5 40.Rxf5 Rd5 41.Kxh3 Rxc5 42.Kg4 Rd5
43.Kf3 Kg6 44.Rf8 Rd2 45.Rc8 Rxa2 46.Rxc7 Rc2 47.Ke4 Kf6 48.f3 Ke6 49.Ra7 Re2+
50.Kd3 Rf2 51.Ke3 Rb2 52.Rxa6 Rxb3+ 53.Ke4 Rb4+ 54.Ke3 Kd5 55.Ra8 Rb3+ 56.Ke2 Rb2+
57.Ke3 Rb3+ 58.Ke2 Rb5 59.Kd3 Ke6 60.Rc8 Kd7 61.Rh8 Rb4 62.Rh6 Rd4+ 63.Ke3 Rd6
64.Rh5 Ke6 65.f4 exf4+ 66.Kxf4 Rd5 67.Rh6+ Kd7 68.Ke4 Kc7 69.Rh1 Kd6 70.Rc1 c5
71.Ke3 Rd4 72.Ke2 Kd5 73.Rc3 c4 74.Rc1 Kc5 75.Rd1 c3  0-1

[Event "IMSA Blitz 2016"]
[Site "Huai'an CHN"]
[Date "2016.02.28"]
[Round "3.5"]
[White "Mamedyarov,S"]
[Black "Movsesian,S"]
[Result "0-1"]
[WhiteElo "2747"]
[BlackElo "2653"]

1.d4 Nf6 2.c4 c6 3.Nc3 d5 4.e3 a6 5.Qc2 e6 6.Nf3 Nbd7 7.b3 Bd6 8.Bb2 O-O
9.Be2 b5 10.O-O Bb7 11.Rad1 Rc8 12.Rfe1 Re8 13.Bd3 h6 14.Qb1 Bb8 15.Ne2 Qa5
16.Ng3 dxc4 17.bxc4 c5 18.dxc5 Bxf3 19.gxf3 bxc4 20.Bxc4 Rxc5 21.Be2 Be5
22.f4 Bxb2 23.Qxb2 Rb8 24.Qd2 Qxd2 25.Rxd2 a5 26.Red1 Nf8 27.a4 Nd5 28.Ne4 Rc7
29.f5 Rb4 30.Rd4 Rb2 31.Bg4 exf5 32.Bxf5 Ne7 33.Bh3 f5 34.Ng3 g6 35.R1d2 Rxd2
36.Rxd2 Rc4 37.Ra2 Ne6 38.Bf1 Rb4 39.Ne2 Nd5 40.Rd2 Nec7 41.Nd4 Rxa4 42.Nb5 Nxb5
43.Bxb5 Ra1+ 44.Kg2 Nf6 45.Rd8+ Kf7 46.Ra8 g5 47.Bd3 f4 48.exf4 gxf4 49.Ra6 a4
50.Kf3 Ra3 51.Ke2 f3+ 52.Kd2 Ng4 53.Bc4+ Kg7 54.Ra7+ Kg6 55.Bd3+ Kg5 56.Rg7+ Kh4
57.Rf7 Ra2+ 58.Kc3 Rxf2 59.Be4 a3 60.h3 Kxh3 61.Bxf3 Ne5 62.Kd4  0-1

[Event "IMSA Blitz 2016"]
[Site "Huai'an CHN"]
[Date "2016.02.28"]
[Round "4.5"]
[White "Wojtaszek,R"]
[Black "Mamedyarov,S"]
[Result "1-0"]
[WhiteElo "2727"]
[BlackElo "2747"]

1.d4 Nf6 2.c4 e6 3.Nf3 b6 4.g3 Ba6 5.Nbd2 d5 6.cxd5 exd5 7.Bg2 Bd6 8.O-O O-O
9.Ne5 Re8 10.Ndc4 Bxc4 11.Nxc4 dxc4 12.Bxa8 c6 13.Bg5 Qc7 14.Bxf6 gxf6 15.d5 Be5
16.Qc2 b5 17.a4 a6 18.Rfd1 cxd5 19.Bxd5 Nd7 20.axb5 axb5 21.Qf5 Nf8 22.Rab1 Ng6
23.e3 b4 24.Rdc1 c3 25.bxc3 bxc3 26.Rb7  1-0

[Event "IMSA Blitz 2016"]
[Site "Huai'an CHN"]
[Date "2016.02.28"]
[Round "5.4"]
[White "Mamedyarov,S"]
[Black "Harikrishna,P"]
[Result "1/2-1/2"]
[WhiteElo "2747"]
[BlackElo "2753"]

1.d4 Nf6 2.c4 e6 3.Nc3 Bb4 4.Nf3 b6 5.Bd2 Bb7 6.g3 Bxf3 7.exf3 O-O 8.Bg2 d5
9.f4 c6 10.Qa4 a5 11.a3 Bxc3 12.bxc3 Qc7 13.O-O Nbd7 14.Rfe1 Rab8 15.Rab1 h6
16.f5 b5 17.cxb5 cxb5 18.Rxb5 Qc6 19.Rxa5 Qxa4 20.Rxa4 exf5 21.Bf4 Rb2 22.Bd6 Rc8
23.Bb4 Nb6 24.Ra6 Rb8 25.a4 Ne4 26.f3 Ng5 27.h4 Ne6 28.f4 Nxd4 29.Bd6 Nc2
30.Re2 Rc8 31.a5 Nc4 32.Bxd5 Rb1+ 33.Kh2 N4e3 34.Ra8 Rxa8 35.Bxa8 Ng4+ 36.Kh3 Ne1
37.Bc5 Nd3 38.Bb6 Ra1 39.Bf3 h5 40.c4 Ne1 41.Bd5 Nd3 42.c5 Ra3 43.Kg2 Nb4
44.Bf3 Ne3+ 45.Kf2 Nd1+ 46.Ke1 Nc3 47.Re8+ Kh7 48.c6 Nb5 49.Be2 Ra1+ 50.Kf2 Nd6
51.Re5 Nxc6 52.Rd5 Ne4+ 53.Ke3 Ra3+ 54.Bd3 Nb4 55.Rd8 Nc6 56.Rd7 Nxa5 57.Bxa5 Rxa5
58.Bxe4 fxe4 59.Rxf7 Ra3+ 60.Kxe4 Rxg3 61.f5 Rg4+ 62.Ke5 Kg8 63.Ra7 Rxh4
64.f6 Rg4 65.Rxg7+ Rxg7 66.fxg7  1/2-1/2

[Event "IMSA Blitz 2016"]
[Site "Huai'an CHN"]
[Date "2016.02.28"]
[Round "6.6"]
[White "Fressinet,L"]
[Black "Mamedyarov,S"]
[Result "1/2-1/2"]
[WhiteElo "2700"]
[BlackElo "2747"]

1.Nf3 Nf6 2.g3 d5 3.Bg2 g6 4.c4 d4 5.b4 a5 6.b5 Bg7 7.d3 O-O 8.O-O Re8 9.Nbd2 e5
10.a4 Bf8 11.Ba3 Bxa3 12.Rxa3 Nbd7 13.Nb3 Qe7 14.Ra1 Nc5 15.Nfd2 Nfd7 16.Qc1 h5
17.Qa3 Kg7 18.Rfe1 Qd6 19.Nxc5 Nxc5 20.Ne4 Nxe4 21.Bxe4 Qf6 22.e3 Rd8 23.Qc5 Qd6
24.exd4 exd4 25.Qxd6 Rxd6 26.c5 Rd8 27.f4 Rb8 28.Kf2 Kf6 29.Bf3 Bf5 30.Be4 Be6
31.Bf3 Bf5 32.Be4 Be6 33.Bf3  1/2-1/2

[Event "IMSA Blitz 2016"]
[Site "Huai'an CHN"]
[Date "2016.02.28"]
[Round "8.7"]
[White "Sargissian,G"]
[Black "Mamedyarov,S"]
[Result "1/2-1/2"]
[WhiteElo "2702"]
[BlackElo "2747"]

1.d4 Nf6 2.c4 e6 3.Nc3 d5 4.cxd5 exd5 5.Bg5 Nbd7 6.e3 Be7 7.Bd3 c6 8.Nge2 Nf8
9.O-O Ne6 10.Bh4 O-O 11.f3 Re8 12.Qc2 g6 13.Rad1 b5 14.Nc1 a5 15.a4 b4 16.N3e2 Qb6
17.Nb3 Bd7 18.Kh1 Rac8 19.Bxf6 Bxf6 20.e4 c5 21.exd5 cxd4 22.Qd2 Bxa4 23.dxe6 Bxb3
24.exf7+ Bxf7 25.Ra1 Re3 26.Ng3 Be5 27.Ne4 Bf4 28.Qd1 Kg7 29.Ba6 Qxa6 30.Qxd4+ Kh6
31.Nf6 Qc4 32.Ng4+ Kh5 33.Qg7 h6 34.Nf6+ Kg5 35.Ne4+ Rxe4 36.fxe4 Qe6 37.Rae1 Rc7
38.Qd4 h5 39.Qf2 Qe5 40.h4+ Kh6 41.Qxf4+ Qxf4 42.Rxf4 a4 43.e5 a3 44.bxa3 bxa3
45.e6 Be8 46.Rf3 Ra7 47.Ra1 Ra6 48.Re3 a2 49.Re2 Bb5 50.Rexa2 Rxe6 51.Ra5 Bd3
52.Rd5 Bf5 53.Rd4 Re2 54.Kh2 Be4 55.Rg1 Kg7 56.Rdd1 Rb2 57.Rde1 Bf5 58.Re3 Rb4
59.g3 Kf6 60.Rge1 g5 61.hxg5+ Kxg5 62.Re5 Rb2+ 63.R1e2 Rxe2+ 64.Rxe2 h4  1/2-1/2

[Event "IMSA Blitz 2016"]
[Site "Huai'an CHN"]
[Date "2016.02.28"]
[Round "9.2"]
[White "Mamedyarov,S"]
[Black "Navara,D"]
[Result "1/2-1/2"]
[WhiteElo "2747"]
[BlackElo "2734"]

1.d4 d5 2.c4 c6 3.Nc3 Nf6 4.e3 e6 5.Nf3 Nbd7 6.Bd3 dxc4 7.Bxc4 b5 8.Bd3 Bd6
9.O-O Bb7 10.a3 O-O 11.Qc2 Rc8 12.b4 a5 13.Rb1 axb4 14.axb4 c5 15.bxc5 Bxf3
16.gxf3 Nxc5 17.dxc5 Rxc5 18.Rxb5 Nd5 19.Rxc5 Qg5+ 20.Kh1 Qh5 21.f4 Qf3+
22.Kg1 Qg4+ 23.Kh1 Qf3+ 24.Kg1 Qg4+ 25.Kh1  1/2-1/2

[Event "IMSA Blitz 2016"]
[Site "Huai'an CHN"]
[Date "2016.02.29"]
[Round "11.1"]
[White "Mamedyarov,S"]
[Black "Li Chao2"]
[Result "1/2-1/2"]
[WhiteElo "2747"]
[BlackElo "2751"]

1.d4 Nf6 2.c4 c5 3.d5 e6 4.Nc3 exd5 5.cxd5 Bd6 6.Bg5 O-O 7.e3 Re8 8.Bd3 Bf8
9.d6 Re6 10.Nf3 Rxd6 11.Bf4 Rb6 12.Bc4 Rb4 13.Ne5 Rxc4 14.Nxc4 d5 15.Bg5 Be6
16.Nd2 Nc6 17.O-O h6 18.Bh4 Rc8 19.Rc1 g5 20.Bg3 Bg7 21.Nb5 b6 22.Qa4 Qd7
23.Rfd1 Nb4 24.Nf3 a6 25.Nc3 Qxa4 26.Nxa4 Nd7 27.a3 Nc6 28.b4 c4 29.Nc3 Bxc3
30.Rxc3 Nf6 31.Nd2 Bf5 32.f3 b5 33.h4 Kg7 34.hxg5 hxg5 35.Bd6 Rd8 36.Bc5 Kg6
37.Nf1 g4 38.Ng3 Ne5 39.e4 Bc8 40.Be7 d4 41.Bxd8 dxc3 42.Bxf6 Kxf6 43.Rc1 gxf3
44.gxf3 Nxf3+ 45.Kf2 Nd2 46.Rxc3 Ke5 47.Ke3 Nb1 48.Rc2 Be6 49.Ne2 c3 50.Nxc3 Nxa3
51.Rc1 Nc4+ 52.Kd3 f5 53.exf5 Bxf5+ 54.Ke2 Kd4 55.Nd1 Bd3+ 56.Ke1 Na3 57.Nf2 Nc2+
58.Kd2 Nxb4 59.Rc8 Bc4 60.Rd8+ Nd5 61.Nd1 Kc5 62.Rc8+ Kb4 63.Nb2 a5 64.Nxc4 bxc4
65.Rb8+ Kc5 66.Rc8+ Kb5 67.Rb8+ Nb6 68.Kc3 a4 69.Rxb6+  1/2-1/2

[Event "IMSA Blitz 2016"]
[Site "Huai'an CHN"]
[Date "2016.02.29"]
[Round "12.8"]
[White "Mamedyarov,S"]
[Black "Dominguez Perez,L"]
[Result "1-0"]
[WhiteElo "2747"]
[BlackElo "2732"]

1.d4 d5 2.c4 dxc4 3.e3 e6 4.Bxc4 Nf6 5.Nf3 a6 6.O-O c5 7.Bb3 Be7 8.Nc3 O-O
9.Qe2 cxd4 10.exd4 Nc6 11.Rd1 Na5 12.Bc2 b5 13.Bg5 Bb7 14.d5 exd5 15.Nd4 g6
16.Qf3 Ne4 17.Bh6 Re8 18.Nf5 Bf6 19.Bxe4 dxe4 20.Qf4 Qb8 21.Nd6 Re6 22.b3 Qc7
23.Rac1 Be5 24.Qg5 Rxd6 25.Nd5 Rxd5 26.Rxd5 Nc6 27.Rxc6 Bxh2+ 28.Kh1 Bf4
29.Qf6  1-0